| 000 | 00635cam a22001931 4500 | ||
|---|---|---|---|
| 082 |
_a750 _bROW |
||
| 100 | 1 |
_aRowbotham, Thomas Leeson, _950247 |
|
| 245 | 1 | 4 |
_aThe art of sketching from nature. _bWith ... illustrations ... _cby T.L. Rowbotham. |
| 250 | _a48. ed. | ||
| 260 |
_aLondon, _bWinsor and Newton, Ltd. _c[1884] |
||
| 300 |
_a2 p. l., (1)8-68 p., 8 pl. _c12mo. |
||
| 490 | 1 | _aOne shilling hand-books on art ; | |
| 526 |
_a0 _b0 _c0 _d750_000000000000000_ROW |
||
| 650 | 0 |
_aLandscape drawing. _950248 |
|
| 650 | 0 |
_aLandscape painting. _950249 |
|
| 650 | 4 |
_aDrawing (Landscape) _950250 |
|
| 650 | 4 |
_aMCE _9379 |
|
| 942 |
_2ddc _cBK |
||
| 999 |
_c552974 _d552974 |
||